Statistics for 10 Biggest American Countries by Area

Click here to take the quiz!

General Stats

  • This quiz has been taken 33,704 times
  • The average score is 10 of 10

Answer Stats

km2 Country % Correct
9,984,670Canada
100%
9,525,067United States
100%
8,515,767Brazil
99%
1,964,375Mexico
99%
2,780,400Argentina
98%
756,102Chile
96%
1,285,216Peru
95%
1,141,748Colombia
95%
916,445Venezuela
92%
1,098,581Bolivia
90%

Score Distribution

Percentile by Number Answered

Percent of People with Each Score

Your Score History

You have not taken this quiz